The Archaeological Heritage of Bangladesh / (Record no. 17626)
[ view plain ]
| 000 -LEADER | |
|---|---|
| fixed length control field | 00842nam a22002417a 4500 |
| 003 - CONTROL NUMBER IDENTIFIER | |
| control field | BDDh-ASL |
| 005 - DATE AND TIME OF LATEST TRANSACTION | |
| control field | 20231015025615.0 |
| 008 - FIXED-LENGTH DATA ELEMENTS--GENERAL INFORMATION | |
| fixed length control field | 170618b2011 bg abe|| |||| 00| 0 eng |
| 020 ## - INTERNATIONAL STANDARD BOOK NUMBER | |
| International Standard Book Number | 9789845120012 |
| 037 ## - SOURCE OF ACQUISITION | |
| Source of stock number/acquisition | Asiatic Society of Bangladesh publication |
| Terms of availability | tk 1500 |
| 040 ## - CATALOGING SOURCE | |
| Original cataloging agency | BDDh-ASL |
| Transcribing agency | BDDh-ASL |
| 082 ## - DEWEY DECIMAL CLASSIFICATION NUMBER | |
| Classification number | 930.1549 |
| Item number | ZAA |
| 100 1# - MAIN ENTRY--PERSONAL NAME | |
| Personal name | Zakariah, AKM |
| 9 (RLIN) | 443 |
| 245 14 - TITLE STATEMENT | |
| Title | The Archaeological Heritage of Bangladesh / |
| Statement of responsibility, etc. | AKM Zakariah |
| 260 ## - PUBLICATION, DISTRIBUTION, ETC. | |
| Place of publication, distribution, etc. | Dhaka: |
| Name of publisher, distributor, etc. | Asiatic Society of Bangladesh, |
| Date of publication, distribution, etc. | 2011. |
| 300 ## - PHYSICAL DESCRIPTION | |
| Extent | xi, 796 p.: |
| Other physical details | ill, maps; |
| Dimensions | 25 cm. |
| 440 ## - SERIES STATEMENT/ADDED ENTRY--TITLE | |
| Title | Asiatic Society of Bangladesh publication; |
| Volume/sequential designation | no.112 |
| 9 (RLIN) | 312 |
| 504 ## - BIBLIOGRAPHY, ETC. NOTE | |
| Bibliography, etc. note | Includes bibliographical references |
| 505 ## - FORMATTED CONTENTS NOTE | |
| Formatted contents note | Bibliography: P. [793]-796 |
| 650 ## - SUBJECT ADDED ENTRY--TOPICAL TERM | |
| Topical term or geographic name entry element | Archaeology |
| General subdivision | History |
| -- | Heritage |
| Geographic subdivision | Bangladesh |
| 9 (RLIN) | 444 |
| 700 1# - ADDED ENTRY--PERSONAL NAME | |
| Personal name | Hossain, Md. Mosharraf |
| 9 (RLIN) | 445 |
| 942 ## - ADDED ENTRY ELEMENTS (KOHA) | |
| Source of classification or shelving scheme | Dewey Decimal Classification |
| Koha item type | Books |
| Withdrawn status | Lost status | Source of classification or shelving scheme | Damaged status | Not for loan | Collection code | Home library | Current library | Shelving location | Date acquired | Source of acquisition | Serial Enumeration / chronology | Total Checkouts | Full call number | Barcode | Date last seen | Copy number | Price effective from | Koha item type |
|---|---|---|---|---|---|---|---|---|---|---|---|---|---|---|---|---|---|---|
| Dewey Decimal Classification | Not For Loan | Non-fiction | Asiatic Society Library | Asiatic Society Library | General Stacks | 06/18/2017 | ASB Publications | ASP-111 | 930.1549 ZAA | 100590 | 06/18/2017 | C-1 | 06/18/2017 | Books | ||||
| Dewey Decimal Classification | Not For Loan | Non-fiction | Asiatic Society Library | Asiatic Society Library | General Stacks | 06/18/2017 | ASB Publications | ASP-111 | 930.1549 ZAA | 100591 | 06/18/2017 | C-2 | 06/18/2017 | Books | ||||
| Dewey Decimal Classification | Not For Loan | Non-fiction | Asiatic Society Library | Asiatic Society Library | General Stacks | 06/18/2017 | ASB Publications | ASP-111 | 930.1549 ZAA | 100592 | 06/18/2017 | C-3 | 06/18/2017 | Books | ||||
| Dewey Decimal Classification | Non-fiction | Asiatic Society Library | Asiatic Society Library | General Stacks | 06/18/2017 | ASB Publications | ASP-111 | 930.1549 ZAA | 100593 | 06/18/2017 | C-4 | 06/18/2017 | Books | |||||
| Dewey Decimal Classification | Non-fiction | Asiatic Society Library | Asiatic Society Library | General Stacks | 06/18/2017 | ASB Publications | ASP-111 | 930.1549 ZAA | 100594 | 06/18/2017 | C-5 | 06/18/2017 | Books |